| 000 | 00577nam a2200121Ia 4500 | ||
|---|---|---|---|
| 008 | 171212s9999 xx 000 0 und d | ||
| 020 | _a9780833086310 | ||
| 100 | _aBonds, Timothy M.;Larson, Eric V.;Eaton, Derek;Darilek, Richard E.;Bennett, Bruce W. | ||
| 245 |
_cBonds, Timothy M.;Larson, Eric V.;Eaton, Derek;Darilek, Richard E.;Bennett, Bruce W. _aStrategy-Policy Mismatch _bHow the U.S. Army Can Help Close Gaps in Countering Weapons of Mass Destruction |
||
| 260 |
_bRAND Corporation _c2014 |
||
| 650 | _aHistory | ||
| 856 | _uhttp://www.jstor.org/stable/10.7249/j.ctt14bs2zp | ||
| 999 |
_c352574 _d352574 |
||